| 000 | 00489nam a2200169Ia 4500 | ||
|---|---|---|---|
| 999 |
_c31288 _d31288 |
||
| 003 | OSt | ||
| 005 | 20200730111057.0 | ||
| 008 | 190216s9999||||xx |||||||||||||| ||und|| | ||
| 040 | _coclc | ||
| 082 |
_a512.8 _bVAS/M |
||
| 100 |
_aVasishtha, A R _93840 |
||
| 245 | 0 |
_aModern Algebra / _cA R Vasishtha ; A K Vasishtha |
|
| 260 |
_bKrishna Prakashan Media, _c1997. _aMeerut: |
||
| 300 | _a634p | ||
| 650 | _aMathematics | ||
| 942 |
_cBK _2ddc _h512.8 _iVAS/M _k512.8 _mVAS/M |
||